Southville International School and Colleges
Your cart is empty.
  • Cart
  • Lists
    Public lists Eva Luna New books Lux_list list_1
    Your lists Log in to create your own lists
  • Log in to your account
  • Your cookies
  • Search history
Southville International School and Colleges
  • Advanced search
  • Recent comments
  • Most popular
  • Libraries

Log in to your account

Log in with GOOGLE


If you do not have an external account, but do have a local account, you can still log in:

  1. Home
  2. MARC view: Kauai :
Normal view MARC view ISBD view

Kauai : (Record no. 9691)

[ view plain ]
MARC details
000 -LEADER
fixed length control field 00875nam a2200277 a 4500
001 - CONTROL NUMBER
control field 4381788
003 - CONTROL NUMBER IDENTIFIER
control field OSt
005 - DATE AND TIME OF LATEST TRANSACTION
control field 20140310182131.0
008 - FIXED-LENGTH DATA ELEMENTS--GENERAL INFORMATION
fixed length control field 910320s1991 orua b 001 0 eng
010 ## - LIBRARY OF CONGRESS CONTROL NUMBER
LC control number 91071623
020 ## - INTERNATIONAL STANDARD BOOK NUMBER
International Standard Book Number 0961263032 :
Terms of availability $12.95
040 ## - CATALOGING SOURCE
Original cataloging agency DLC
Transcribing agency DLC
043 ## - GEOGRAPHIC AREA CODE
Geographic area code n-us-hi
050 00 - LIBRARY OF CONGRESS CALL NUMBER
Classification number GV 199.42.H32
Item number .C542 1991
082 00 - DEWEY DECIMAL CLASSIFICATION NUMBER
Classification number HS 919.69
Item number Ch44 1991
100 1# - MAIN ENTRY--PERSONAL NAME
Personal name Chisholm, Craig.
9 (RLIN) 14694
245 10 - TITLE STATEMENT
Title Kauai :
Statement of responsibility, etc Craig Chisholm
Remainder of title hiking trails /
260 ## - PUBLICATION, DISTRIBUTION, ETC. (IMPRINT)
Place of publication, distribution, etc Lake Oswego, Or. :
Name of publisher, distributor, etc Fernglen Press,
Date of publication, distribution, etc c1991.
300 ## - PHYSICAL DESCRIPTION
Extent 120 p. :
Other physical details ill. (some col.) ;
Dimensions 23 cm.
650 #0 - SUBJECT ADDED ENTRY--TOPICAL TERM
Topical term or geographic name as entry element Hiking
Geographic subdivision Hawaii
-- Kauai
General subdivision Guidebooks.
9 (RLIN) 14695
651 #0 - SUBJECT ADDED ENTRY--GEOGRAPHIC NAME
Geographic name Kauai (Hawaii)
General subdivision Description and travel.
9 (RLIN) 14696
906 ## - LOCAL DATA ELEMENT F, LDF (RLIN)
a 7
b cbc
c orignew
d 2
e opcn
f 19
g y-gencatlg
942 ## - ADDED ENTRY ELEMENTS (KOHA)
Source of classification or shelving scheme Library of Congress Classification
Koha item type
Holdings
Withdrawn status Lost status Source of classification or shelving scheme Damaged status Home library Current library Shelving location Date acquired Total Checkouts Full call number Barcode Date last seen Copy number Price effective from Koha item type
    Library of Congress Classification   Luxembourg Library Luxembourg Library High School Section 08/28/2013   GV 199.42.H32 .C542 1991 9162 08/28/2013 1 08/28/2013 Books

Kauai :

APA

Chisholm C., . (1991). Kauai. Lake Oswego, Or: Fernglen Press.

Chicago

Chisholm Craig, . 1991. Kauai. Lake Oswego, Or: Fernglen Press.

Harvard

Chisholm C., . (1991). Kauai. Lake Oswego, Or: Fernglen Press.

MLA

Chisholm Craig, . Kauai. Lake Oswego, Or: Fernglen Press. 1991.

  • Place hold
  • Print
  • Cite
  • Add to your cart (remove)
  • Save record
    BIBTEX Dublin Core MARCXML MARC (non-Unicode/MARC-8) MARC (Unicode/UTF-8) MARC (Unicode/UTF-8, Standard) MODS (XML) RIS
  • More searches
    Search for this title in:
    Other Libraries (WorldCat) Other Databases (Google Scholar) Online Stores (Bookfinder.com) Open Library (openlibrary.org)

Exporting to Dublin Core...

SOUTHVILLE LIBRARY

Southville International School and Colleges Library

1281 Tropical Ave. Cor. Luxembourg St., BF Homes International, Las Pinas City

Tel. No. 8256374 / 252358 Loc. 117/146

Powered by Koha